Loading...
| Literature - World Literature | 1 | 2 | 0 | 0 | 35 | 64 | 104.33 | 0 | 1 |
| Literature - European Literature | 1 | 2 | 0 | 0 | 35 | 46 | 101.33 | 1 | 1 |
| Literature - American Literature | 0 | 3 | 0 | 1 | 30 | 100 | 131.67 | 0 | 1 |
| Literature - British Literature | 0 | 3 | 0 | 0 | 30 | 110 | 126.33 | 0 | 2 |
| Philosophy | 1 | 1 | 0 | 0 | 25 | 73 | 94.00 | 1 | 1 |
| Social Science | 0 | 3 | 1 | 0 | 25 | 96 | 106.67 | 0 | 1 |
| Beliefs | 0 | 2 | 0 | 1 | 20 | 133 | 137.50 | 0 | 1 |
| Geography | 0 | 2 | 0 | 0 | 20 | 79 | 82.00 | 1 | 2 |
| History - Ancient History | 0 | 2 | 0 | 1 | 20 | 111 | 118.00 | 0 | 1 |
| Other Academic | 0 | 2 | 0 | 0 | 20 | 62 | 86.00 | 0 | 1 |
| Visual Arts | 0 | 1 | 0 | 1 | 10 | 131 | 131.00 | 0 | 0 |
| Science - Biology | 0 | 1 | 0 | 0 | 10 | 109 | 109.00 | 0 | 1 |
| Science - Physics | 0 | 1 | 0 | 1 | 10 | 131 | 131.00 | 0 | 0 |
| History - World History | 0 | 1 | 1 | 1 | 5 | 107 | 107.00 | 0 | 1 |
| History - European History | 0 | 1 | 1 | 0 | 5 | 66 | 66.00 | 0 | 1 |
| Fine Arts - Other Arts | 0 | 0 | 1 | 0 | -5 | 0.00 | 0 | 0 | |
| Auditory Arts | 0 | 0 | 1 | 0 | -5 | 0.00 | 0 | 0 |